00872cam a2200229Ia 450000500170000000800410001702000150005802000180007304000500009104100080014110000280014924501050017726000420028230000610032450400410038565000280042665000280045465000420048265000450052465000310056965000420060020140716080746.0140716s1999 ag ad frb 000 0 spa d a9879334140 a9789879334140 aCO-BoUCMbspacJose A. GerenadJose A. Gerena0 aspa1 aArese, Héctor Félix10aComercio y marketing internacional bmodelo para el diseño estratégico c Héctor Félix Arese aBuenos Aires (Argentina)bNormac1999 axxxii, 624 páginasbilustraciones, cuadros, gráficas aIncluye referencias bibliográficas 7aMercadeo internacional  7aAnálisis de mercadeo  7aEmpresas comerciales internacionales  7aRelaciones económicas internacionales  7aGlobalización xComercio 7aOrganismos internacionales xComercio